00511nam a2200205Ia 4500008004100000020001700041050001700058050001800075100002400093245004100117245002400158250001600182260001300198260001700211260000900228300001600237300001100253500002000264650002100284180523s9999 xx 000 0 und d a007-124437-9 aMAIN HF 5387 b.D47 2006 c.2 aDesJardins, Joseph. 3aAn Introduction to business ethics / 0cJoseph Des Jardins. a2nd Edition aBoston : bMcGraw-Hill, c2006 a110 pages : c23 cm. aIncludes index. aBusiness ethics.